Ecología y cultivos transgénicos /

El presente ensayo consta de dos partes. En la primera se exponen los orígenes de la ecología y se examina la posible responsabilidad del judeo-cristianismo en la crisis ecológica, para concluir con una propuesta de una ética centrada en la vida. En la segunda parte se analiza la polémica sobre los...

Szczegółowa specyfikacja

Zapisane w:
Opis bibliograficzny
1. autor: Marlasca López, Antonio
Format: Texto
Hasła przedmiotowe:
Etykiety: Dodaj etykietę
Nie ma etykietki, Dołącz pierwszą etykiete!

MARC

LEADER 00000 a a2200000 04500
001 15509
003
040
100 |a Marlasca López, Antonio  
245 |a Ecología y cultivos transgénicos /  |c Antonio Marlasca López 
520 |a El presente ensayo consta de dos partes. En la primera se exponen los orígenes de la ecología y se examina la posible responsabilidad del judeo-cristianismo en la crisis ecológica, para concluir con una propuesta de una ética centrada en la vida. En la segunda parte se analiza la polémica sobre los cultivos transgénicos con sus respectivos argumentos a favor y en contra, y se abordan los abusos a que puede dar lugar la práctica de patentar los cultivos transgénicos. El ensayo finaliza con unas propuestas para la acción práctica  
650 |a ECOLOGIA  
650 |a ETICA  
650 |a PATENTES  
650 |a INGENIERIA GENETICA  
650 |a ASPECTOS AMBIENTALES  
773 |g volumen 40, número 101; páginas 87-97  
999 |c 38473  |d 38473